| 000 | 00819nam a2200229 i 4500 | ||
|---|---|---|---|
| 001 | 180630 | ||
| 003 | ES-MaACL | ||
| 005 | 20250815113538.0 | ||
| 008 | 120619s1976 sp |||| | spa d | ||
| 080 | _a541.124:547(043.2) | ||
| 080 | _a547:541.124(043.2) | ||
| 100 | 1 |
_aGuerrero Pérez, Angel. _9150645 |
|
| 245 | 1 | 0 |
_aEstudio de la reacción de Hoaglin-Hirsh / _c[por] Angel Guerrero Pérez. |
| 260 |
_aBarcelona : _bUniversidad, Secretariado de Publicaciones, Intercambio Científico y Extensión Universitaria, _c1976. |
||
| 300 |
_a16 p. : _bgráf. ; _c24 cm. |
||
| 502 | _aTesis-Universidad Barcelona (Extracto) | ||
| 504 | _aBibliografia. | ||
| 650 | 0 | 7 |
_aReacciones químicas _2embne _916682 |
| 710 | 2 |
_aUniversidad de Barcelona. _97141 |
|
| 852 |
_aES-MaACL _jE-15362(169) |
||
| 999 |
_c180630 _d180630 |
||